000 00630nam a2200217Ia 4500
008 101110s9999 xx 000 0 und d
041 _aENGLISH
082 _bSR33284
100 _aKishnadwala V.H.; Kishnadwala N.H. & other
245 _aDirect nad indirect taxes (BMS 2nd year, 4th semester)
260 _c2009
_bVipul Prakashan, Mumbai
300 _a276
365 _b250
520 _aB.M.S.
546 _aENGLISH
630 _aDirect nad indirect taxes (BMS 2nd year, 4th semester)
650 _aB.M.S.
655 _aB.M.S.
730 _aDirect nad indirect taxes (BMS 2nd year, 4th semester)
942 _cBOOK
999 _c825785
_d825782